Advanced environmental, chemical, and biological sensing technologies IV : 1-3 October 2006, Boston, Massachusetts, USA /

Bibliographic Details
Corporate Author: Society of Photo-optical Instrumentation Engineers
Other Authors: Vo-Dinh, Tuan, Lieberman, Robert A., Gauglitz, G. (Günter)
Format: Book
Language:English
Published: Bellingham, Washington : SPIE, [2006]
Series:Progress in biomedical optics and imaging ; vol. 7, no. 41.
Proceedings of SPIE--the International Society for Optical Engineering ; v. 6377.
Subjects:

MARC

Tag First Indicator Second Indicator Subfields
LEADER 00000cam a2200000 a 4500
001 in00002204607
005 20151104132234.0
008 061028s2006 waua b 101 0 eng d
020 |a 0819464759 
020 |a 9780819464750 
035 |a (OCoLC)ocm74567114 
040 |a CUS  |c CUS  |d TXA  |d UtOrBLW 
049 |a TXAM 
090 |a TD193  |b .A38 2006 
245 0 0 |a Advanced environmental, chemical, and biological sensing technologies IV :  |b 1-3 October 2006, Boston, Massachusetts, USA /  |c Tuan Vo-Dinh, Robert A. Lieberman, Günter Gauglitz, chairs/editors ; sponsored and published by SPIE--the International Society for Optical Engineering. 
246 3 0 |a Advanced environmental, chemical and biological sensing technologies four 
246 3 |a Advanced environmental, chemical and biological sensing technologies 4 
264 1 |a Bellingham, Washington :  |b SPIE,  |c [2006] 
264 4 |c ©2006 
300 |a 1 volume (various pagings) :  |b illustrations ;  |c 28 cm. 
336 |a text  |b txt  |2 rdacontent 
337 |a unmediated  |b n  |2 rdamedia 
338 |a volume  |b nc  |2 rdacarrier 
490 1 |a Progress in biomedical optics and imaging,  |v vol. 7, no. 41 
490 1 |a Proceedings / SPIE--the International Society for Optical Engineering ;  |v v. 6377 
504 |a Includes bibliographical references and index. 
650 0 |a Detectors  |x Industrial applications  |v Congresses. 
650 0 |a Environmental monitoring  |v Congresses. 
650 0 |a Chemical detectors  |v Congresses. 
650 0 |a Biosensors  |v Congresses. 
700 1 |a Vo-Dinh, Tuan. 
700 1 |a Lieberman, Robert A. 
700 1 |a Gauglitz, G.  |q (Günter) 
710 2 |a Society of Photo-optical Instrumentation Engineers. 
830 0 |a Progress in biomedical optics and imaging ;  |v vol. 7, no. 41. 
830 0 |a Proceedings of SPIE--the International Society for Optical Engineering ;  |v v. 6377. 
948 |a cataloged  |b h  |c 2007/1/29  |d c  |e dmitchel  |f 1:00:00 pm 
994 |a C0  |b TXA 
999 |a MARS 
999 f f |s 1530ce26-778d-3d09-81c9-95e450c41b23  |i e88dd84f-4c12-3567-bfaf-af0cd1389431  |t 0 
952 f f |p ric  |a Texas A&M University  |b Rellis Campus  |c Joint Library Facility  |d Remote Storage  |t 0  |e TD193 .A38 2006  |h Library of Congress classification  |i unmediated -- volume  |m A14835134904 
998 f f |a TD193 .A38 2006  |t 0  |l Remote Storage